000 00237nam a2200109Ia 4500
008 190216s9999||||xx |||||||||||||| ||und||
100 _aPaul M P
245 0 _aMalayalam-Tharala
260 _bDc Books
650 _aMalayalam
942 _cBK
999 _c26056
_d26056